000 00332nam a22001457a 4500
008 221123b ||||| |||| 00| 0 eng d
020 _a9781609137496
041 _aeng
080 _210EDITION
_a610.73
082 _a610.73MOR
100 _a8
101 _aINF
245 _aCRITICAL CARE NURSING
_cMORTON GONCE
942 _2udc
_cBK
999 _c59014
_d59014